[Event "World Rapid 2025"]
[Site "Doha QAT"]
[Date "2025.12.26"]
[Round "1.2"]
[White "Daneshvar, Bardiya"]
[Black "Nepomniachtchi, Ian"]
[Result "0-1"]
[WhiteTitle "GM"]
[BlackTitle "GM"]
[WhiteElo "2600"]
[BlackElo "2723"]
[WhiteFideId "12576468"]
[BlackFideId "4168119"]
[EventDate "2025.12.26"]
[EventType "rapid"]

1. e4 e5 2. Nf3 Nf6 3. Nxe5 d6 4. Nc4 Nxe4 5. Qe2 Qe7 6. Ne3 Be6 7. Nc3 Nf6 8.
g3 d5 9. Bg2 c6 10. d4 g6 11. O-O Bg7 12. Qd3 O-O 13. Ne2 Na6 14. Nf4 Bd7 15.
Re1 Rfe8 16. Bd2 Qd8 17. c4 dxc4 18. Nxc4 Bf5 19. Qb3 Qc7 20. Ba5 b6 21. Bc3
Rad8 22. Ne5 Nb8 23. Qc4 b5 24. Qb3 a5 25. a3 g5 26. Nfd3 Nd5 27. Nc5 a4 28. Qa2
Bxe5 29. dxe5 Nxc3 30. bxc3 Rxe5 31. Ne4 Qe7 32. Re3 Bxe4 33. Rae1 Bd5 34. Bxd5
Rdxd5 35. Qxd5 cxd5 36. Rxe5 Qxa3 37. Re8+ Kg7 38. Rxb8 Qxc3 39. Re3 Qc1+ 40.
Kg2 a3 41. Rf3 a2 42. Rb7 a1=Q 0-1

[Event "World Rapid 2025"]
[Site "Doha QAT"]
[Date "2025.12.26"]
[Round "1.3"]
[White "Aronian, Levon"]
[Black "Mendonca, Leon Luke"]
[Result "1/2-1/2"]
[WhiteTitle "GM"]
[BlackTitle "GM"]
[WhiteElo "2729"]
[BlackElo "2615"]
[WhiteFideId "13300474"]
[BlackFideId "35028561"]
[EventDate "2025.12.26"]
[EventType "rapid"]

1. e4 e5 2. Bc4 Nf6 3. d3 c6 4. Nf3 d5 5. exd5 cxd5 6. Bb3 Bb4+ 7. c3 Bd6 8. O-O
O-O 9. Bg5 Be6 10. Nbd2 Nbd7 11. Re1 Re8 12. c4 dxc4 13. Nxc4 Bb4 14. Re4 Nc5
15. Rxe5 Nxd3 16. Bxf6 gxf6 17. Re2 Nf4 18. Re4 Qxd1+ 19. Rxd1 Ng6 20. g3 Bc5
21. Na5 Bxb3 22. Rxe8+ Rxe8 23. Nxb3 Bb6 24. Kf1 Ne5 25. Nxe5 fxe5 26. a4 Re7
27. a5 Bc7 28. Ke2 f5 29. Rc1 Kf7 30. Rc4 h5 31. Rh4 Kg6 32. Rb4 Bd6 33. Rb5 Rc7
34. Nd2 Kf6 35. f3 Ke6 36. h3 Bc5 37. g4 hxg4 38. hxg4 b6 39. b3 fxg4 40. fxg4
Kd5 41. axb6 axb6 42. Nc4 Kc6 43. Rxc5+ Kxc5 44. Ke3 b5 45. Nxe5 Kd5 46. Kf4 Rc3
47. g5 Ke6 48. Nf3 b4 49. Ke4 Kf7 50. Ne5+ Kg7 51. Kd4 Rxb3 52. Nd3 Rb1 53. Kc4
b3 54. Kc3 Kg6 55. Nb2 Kxg5 56. Kxb3 Rxb2+ 57. Kxb2 1/2-1/2

[Event "World Rapid 2025"]
[Site "Doha QAT"]
[Date "2025.12.26"]
[Round "1.4"]
[White "Murshed, Niaz"]
[Black "Firouzja, Alireza"]
[Result "1/2-1/2"]
[WhiteTitle "GM"]
[BlackTitle "GM"]
[WhiteElo "2341"]
[BlackElo "2762"]
[WhiteFideId "10200010"]
[BlackFideId "12573981"]
[EventDate "2025.12.26"]
[EventType "rapid"]

1. d4 Nf6 2. c4 g6 3. Nf3 Bg7 4. g3 O-O 5. Bg2 d6 6. O-O Ne4 7. Nbd2 Nxd2 8.
Bxd2 e5 9. Bc3 e4 10. Nd2 f5 11. e3 Nd7 12. Qb3 Nf6 13. d5 Qe7 14. Rae1 a5 15.
f3 exf3 16. Bxf3 Nd7 17. Bd4 b6 18. Qc3 Ne5 19. Bg2 Bh6 20. Nf3 Ng4 21. h3 Nf6
22. Nd2 Nh5 23. Rf3 Bd7 24. Ref1 Rae8 25. Kh2 c5 26. dxc6 Bxc6 27. Rxf5 Rxf5 28.
Bxc6 Rc8 29. Rxf5 gxf5 30. Bd5+ Kf8 31. Nf3 Re8 32. Qd3 Ng7 33. Nh4 Qd7 34. g4
Re5 35. Bxe5 dxe5 36. Nxf5 Nxf5 37. Qxf5+ Qxf5 38. gxf5 Bxe3 39. Kg2 Kg7 1/2-1/2

[Event "World Rapid 2025"]
[Site "Doha QAT"]
[Date "2025.12.26"]
[Round "1.5"]
[White "Caruana, Fabiano"]
[Black "Vakhidov, Jakhongir"]
[Result "1/2-1/2"]
[WhiteTitle "GM"]
[BlackTitle "GM"]
[WhiteElo "2795"]
[BlackElo "2516"]
[WhiteFideId "2020009"]
[BlackFideId "14201801"]
[EventDate "2025.12.26"]
[EventType "rapid"]

1. e4 c5 2. Nf3 g6 3. c3 d5 4. e5 Nc6 5. Bb5 Bg4 6. O-O Nh6 7. d4 Bxf3 8. Qxf3
cxd4 9. cxd4 Nf5 10. Qd3 e6 11. Nd2 Be7 12. Nf3 h5 13. Bd2 Qb6 14. Rfc1 Kf8 15.
Bxc6 bxc6 16. b4 g5 17. Bxg5 Bxg5 18. Nxg5 Qxd4 19. Qxd4 Nxd4 20. Rd1 Nf5 21.
Rac1 Rc8 22. Rc5 Ke7 23. g3 h4 24. Nf3 hxg3 25. hxg3 Rhg8 26. Rdc1 Kd7 27. Kg2
a6 28. Kh3 Rh8+ 29. Kg4 Rhg8+ 30. Kf4 Nh6 31. Nh2 f6 32. exf6 Rg6 33. g4 Rxf6+
34. Kg3 e5 35. Nf3 Nf7 36. Ra5 Ra8 37. a4 e4 38. Nd4 Ne5 39. Rh1 Rg8 40. Rh4
Rfg6 41. Rxa6 Rxg4+ 42. Rxg4 Rxg4+ 43. Kh3 Rf4 44. Kg3 Rg4+ 45. Kh3 Rf4 46. Kg3 1/2-1/2

[Event "World Rapid 2025"]
[Site "Doha QAT"]
[Date "2025.12.26"]
[Round "1.6"]
[White "Altini, Nicola"]
[Black "Vachier-Lagrave, Maxime"]
[Result "0-1"]
[WhiteTitle "IM"]
[BlackTitle "GM"]
[WhiteElo "2360"]
[BlackElo "2734"]
[WhiteFideId "833924"]
[BlackFideId "623539"]
[EventDate "2025.12.26"]
[EventType "rapid"]

1. d4 Nf6 2. c4 e6 3. Nc3 d5 4. cxd5 exd5 5. Bg5 c6 6. e3 h6 7. Bh4 Be7 8. Bd3
O-O 9. Nge2 Ne8 10. Bxe7 Qxe7 11. O-O Bg4 12. Qd2 Bxe2 13. Nxe2 Nd7 14. Ng3 Nd6
15. Nf5 Nxf5 16. Bxf5 Nb6 17. Bd3 a5 18. a4 Nc8 19. Rfb1 Nd6 20. b4 axb4 21.
Qxb4 Ra7 22. a5 Rfa8 23. Ra3 b5 24. Rba1 Kf8 25. Qb1 Ra6 26. Bf1 g6 27. f3 Re8
28. Qc1 h5 29. Rc3 Nc4 30. e4 Qa7 31. exd5 cxd5 32. Qf4 Rxa5 33. Rd1 Kg7 34.
Rcc1 Ra2 35. Re1 Qb8 36. Qg5 Qd8 37. Qg3 Rxe1 38. Rxe1 Qf6 39. Rd1 h4 40. Qb8
Ra1 41. Rxa1 Qxd4+ 42. Kh1 Qxa1 43. Kg1 Qd4+ 44. Kh1 Qf2 0-1

[Event "World Rapid 2025"]
[Site "Doha QAT"]
[Date "2025.12.26"]
[Round "1.8"]
[White "Halkias, Stelios"]
[Black "Abdusattorov, Nodirbek"]
[Result "1/2-1/2"]
[WhiteTitle "GM"]
[BlackTitle "GM"]
[WhiteElo "2503"]
[BlackElo "2732"]
[WhiteFideId "4201809"]
[BlackFideId "14204118"]
[EventDate "2025.12.26"]
[EventType "rapid"]

1. Nf3 Nf6 2. c4 e6 3. g3 b6 4. Bg2 Bb7 5. O-O Be7 6. Re1 O-O 7. Nc3 Ne4 8. Nxe4
Bxe4 9. d3 Bb7 10. d4 Be4 11. Nd2 Bxg2 12. Kxg2 d6 13. Nf3 c5 14. e4 cxd4 15.
Nxd4 Qc7 16. b3 a5 17. Bb2 Nd7 18. Rc1 Qb7 19. Qe2 Rfe8 20. Kg1 Bf6 21. Rc2 Rac8
22. Rd2 h6 23. Nf3 Be7 24. e5 Nxe5 25. Red1 Nxf3+ 1/2-1/2

[Event "World Rapid 2025"]
[Site "Doha QAT"]
[Date "2025.12.26"]
[Round "1.10"]
[White "Drygalov, Sergey"]
[Black "Duda, Jan-Krzysztof"]
[Result "1/2-1/2"]
[WhiteTitle "GM"]
[BlackTitle "GM"]
[WhiteElo "2571"]
[BlackElo "2729"]
[WhiteFideId "24171743"]
[BlackFideId "1170546"]
[EventDate "2025.12.26"]
[EventType "rapid"]

1. d4 Nf6 2. c4 e6 3. Nf3 d5 4. Nc3 dxc4 5. e4 Bb4 6. Bxc4 Nxe4 7. O-O Nf6 8.
Qa4+ Nc6 9. Ne5 Rb8 10. d5 exd5 11. Nxc6 bxc6 12. Nxd5 Nxd5 13. Qxc6+ Qd7 14.
Qxd5 Qxd5 15. Bxd5 O-O 16. Bf4 Bd6 17. Bxd6 cxd6 18. b3 Be6 19. Rfd1 Rfd8 20.
Rac1 Rbc8 21. Bf3 Kf8 22. Kf1 Ke7 23. Ke2 a5 24. Ke3 h6 25. h4 g5 26. hxg5 hxg5
27. Kd4 d5 28. Be2 Kd6 29. a3 Rb8 30. Rc5 Rxb3 31. Rxa5 Rb2 32. Bf3 Rxf2 33. Ke3
Rb2 34. Bxd5 Ke7 35. g3 Rd7 36. Rd4 Bxd5 37. Raxd5 Rxd5 38. Rxd5 f6 39. Rd2 Rb1
40. Ra2 Rb3+ 41. Kf2 Rb5 42. a4 Ra5 43. g4 Kd6 44. Kf3 Kd5 45. Rd2+ Ke5 46. Re2+
Kd5 47. Rd2+ Ke5 48. Re2+ 1/2-1/2

[Event "World Rapid 2025"]
[Site "Doha QAT"]
[Date "2025.12.26"]
[Round "1.11"]
[White "Mamedyarov, Shakhriyar"]
[Black "Oro, Faustino"]
[Result "1/2-1/2"]
[WhiteTitle "GM"]
[BlackTitle "IM"]
[WhiteElo "2730"]
[BlackElo "2503"]
[WhiteFideId "13401319"]
[BlackFideId "20000197"]
[EventDate "2025.12.26"]
[EventType "rapid"]

1. Nf3 d5 2. b3 Nf6 3. Bb2 Bf5 4. g3 h6 5. Bg2 e6 6. O-O Be7 7. d3 O-O 8. Nbd2
a5 9. a3 c6 10. Re1 Bh7 11. e4 Qb6 12. Qe2 Rd8 13. Ne5 Nbd7 14. Nxd7 Rxd7 15.
Kh1 Rad8 16. e5 Ne8 17. f4 a4 18. g4 c5 19. Rf1 axb3 20. cxb3 c4 21. f5 cxb3 22.
f6 Bc5 23. Nf3 Rc7 24. fxg7 Nxg7 25. Bc1 Be7 26. Bxh6 1/2-1/2

[Event "World Rapid 2025"]
[Site "Doha QAT"]
[Date "2025.12.26"]
[Round "1.12"]
[White "Mitrabha, Guha"]
[Black "Sindarov, Javokhir"]
[Result "0-1"]
[WhiteTitle "GM"]
[BlackTitle "GM"]
[WhiteElo "2508"]
[BlackElo "2726"]
[WhiteFideId "5057000"]
[BlackFideId "14205483"]
[EventDate "2025.12.26"]
[EventType "rapid"]

1. Nf3 Nf6 2. g3 g6 3. Bg2 c5 4. O-O Bg7 5. c4 Nc6 6. Nc3 d6 7. d4 cxd4 8. Nxd4
Bd7 9. Nxc6 Bxc6 10. e4 O-O 11. Be3 a6 12. Rc1 Nd7 13. a4 a5 14. Qe2 Bxc3 15.
Rxc3 Bxa4 16. h4 Bc6 17. h5 a4 18. Bh6 Re8 19. g4 e5 20. Rd1 Nc5 21. Bc1 g5 22.
Qd2 f6 23. Qxd6 Nxe4 24. Bxe4 Bxe4 25. f3 Bc6 26. Kf2 Kf7 27. Be3 Qxd6 28. Rxd6
Red8 29. Rcd3 Rxd6 30. Rxd6 a3 31. bxa3 Rxa3 32. Rd8 Ra2+ 33. Rd2 Ra4 34. c5 h6
35. Rd8 Ra2+ 36. Kg3 Re2 37. Bf2 Rb2 38. Be3 Re2 39. Bf2 Ra2 40. Be3 Ra4 41. Rh8
Kg7 42. Rc8 e4 43. Rc7+ Kg8 44. Rc8+ Kf7 45. Rc7+ Ke8 46. Rh7 Ra3 47. Kf2 exf3
48. Rxh6 Ra2+ 49. Kg3 Rg2+ 50. Kh3 Bd7 51. Rh8+ Ke7 52. Rh7+ Kd8 53. Rh8+ Kc7
54. Rh7 Kc6 55. Rxd7 Kxd7 56. h6 Ra2 57. c6+ bxc6 0-1

[Event "World Rapid 2025"]
[Site "Doha QAT"]
[Date "2025.12.26"]
[Round "1.13"]
[White "Dominguez Perez, Leinier"]
[Black "Vetokhin, Savva"]
[Result "1/2-1/2"]
[WhiteTitle "GM"]
[BlackTitle "GM"]
[WhiteElo "2738"]
[BlackElo "2572"]
[WhiteFideId "3503240"]
[BlackFideId "44144474"]
[EventDate "2025.12.26"]
[EventType "rapid"]

1. e4 e5 2. Nf3 Nc6 3. Bc4 Nf6 4. d3 Be7 5. O-O O-O 6. Re1 d6 7. a4 a5 8. c3 Be6
9. Bxe6 fxe6 10. Na3 Qd7 11. Nc4 h6 12. Bd2 Rf7 13. b4 axb4 14. cxb4 Nd4 15.
Nxd4 exd4 16. e5 Nd5 17. Qg4 Rxa4 18. Rxa4 Qxa4 19. Qxe6 Nxb4 20. exd6 cxd6 21.
Bxb4 Qxb4 22. Ra1 Bf8 23. g3 Qb3 24. Qe2 b5 25. Nb6 Qc3 26. Qa2 Qxd3 27. Rc1 Qf3
28. Rc7 d3 1/2-1/2

[Event "World Rapid 2025"]
[Site "Doha QAT"]
[Date "2025.12.26"]
[Round "1.14"]
[White "Dudin, Gleb"]
[Black "Rapport, Richard"]
[Result "0-1"]
[WhiteTitle "GM"]
[BlackTitle "GM"]
[WhiteElo "2585"]
[BlackElo "2741"]
[WhiteFideId "34184934"]
[BlackFideId "738590"]
[EventDate "2025.12.26"]
[EventType "rapid"]

1. c4 Nf6 2. Nc3 e5 3. Nf3 Nc6 4. e3 d6 5. d4 Bd7 6. Be2 g6 7. O-O Bg7 8. b4 O-O
9. b5 Na5 10. Ba3 Re8 11. Bb4 exd4 12. Nxd4 c5 13. bxc6 Nxc6 14. Bxd6 Nxd4 15.
exd4 Bc6 16. Be5 Ne4 17. Nxe4 Bxe5 18. dxe5 Bxe4 19. f4 Qb6+ 20. Kh1 Rad8 21.
Qb3 f6 22. c5+ Qxb3 23. axb3 fxe5 24. fxe5 Rxe5 25. Bc4+ Kg7 26. Rfe1 Rd2 27.
Bf1 Kf6 28. Kg1 a6 29. b4 Rb2 30. Rad1 Bd5 31. Rxe5 Kxe5 32. Re1+ Kf6 33. Rd1
Ke5 34. Re1+ Be4 35. c6 bxc6 36. Ra1 Rxb4 37. Rxa6 c5 38. Ra7 Rb7 39. Ra8 Rd7
40. Rc8 Kd4 41. Kf2 Bb7 42. Rf8 Bd5 43. Rf4+ Kc3 44. Rh4 Rf7+ 45. Ke1 Re7+ 46.
Kf2 c4 0-1

[Event "World Rapid 2025"]
[Site "Doha QAT"]
[Date "2025.12.26"]
[Round "1.15"]
[White "So, Wesley"]
[Black "Amar, Elham"]
[Result "0-1"]
[WhiteTitle "GM"]
[BlackTitle "GM"]
[WhiteElo "2753"]
[BlackElo "2592"]
[WhiteFideId "5202213"]
[BlackFideId "1533533"]
[EventDate "2025.12.26"]
[EventType "rapid"]

1. e4 c6 2. d4 d5 3. e5 Bf5 4. Nd2 e6 5. Nb3 Nd7 6. Nf3 a6 7. Be2 c5 8. c3 h6 9.
O-O c4 10. Nbd2 b5 11. Ne1 Ne7 12. Nc2 Bh7 13. f4 a5 14. b3 a4 15. b4 Rb8 16.
Rf2 Bxc2 17. Qxc2 Nf5 18. Nf1 h5 19. g3 Be7 20. h3 Qb6 21. Rb1 h4 22. g4 Ng3 23.
Bd1 Ne4 24. Re2 g5 25. Kh2 gxf4 26. Bxf4 f6 27. Nd2 fxe5 28. Nxe4 exf4 29. Nd2
f3 30. Nxf3 Qc7+ 31. Kh1 Qg3 32. Rxe6 Qxh3+ 33. Nh2 Qd3 34. Qc1 Kd8 35. Bf3 Rb6
36. Re3 Qg6 37. Qf1 Bg5 38. Re2 Rf8 39. Rbe1 Qd3 40. Qg2 Rbf6 41. Bxd5 h3 42.
Qe4 Bh4 43. Rg1 Rf2 44. Qxd3 cxd3 45. Re3 d2 46. Nf3 Nf6 47. Be6 Re8 48. Nxh4
Nd5 49. Bxd5 Rxe3 50. Nf3 Rexf3 51. Bxf3 Rxf3 52. Kh2 Rxc3 0-1

[Event "World Rapid 2025"]
[Site "Doha QAT"]
[Date "2025.12.26"]
[Round "1.16"]
[White "Rodrigue-Lemieux, Shawn"]
[Black "Gukesh, D"]
[Result "1/2-1/2"]
[WhiteTitle "GM"]
[BlackTitle "GM"]
[WhiteElo "2517"]
[BlackElo "2754"]
[WhiteFideId "2620049"]
[BlackFideId "46616543"]
[EventDate "2025.12.26"]
[EventType "rapid"]

1. c4 e6 2. g3 d5 3. Bg2 d4 4. Nf3 c5 5. O-O Ne7 6. e3 Nec6 7. d3 Be7 8. Re1 O-O
9. exd4 cxd4 10. Ne5 Nxe5 11. Rxe5 Nc6 12. Re1 e5 13. Nd2 Be6 14. Bxc6 bxc6 15.
Rxe5 Bd6 16. Re1 Qd7 17. Ne4 Be7 18. Bg5 f6 19. Bd2 c5 20. Qh5 Bf7 21. Qf3 Rab8
22. b3 h6 23. g4 Rfe8 24. Ng3 Bf8 25. h3 Be6 26. Re4 Qf7 27. Rae1 Bd7 28. Rxe8
Bxe8 29. Nf5 Bd7 30. Bf4 Re8 31. Rxe8 Qxe8 32. Qe4 Qxe4 33. dxe4 g6 34. Ng3 a5
35. a4 h5 36. f3 h4 37. Nf1 f5 38. exf5 gxf5 39. Bc7 fxg4 40. fxg4 Bc6 41. Bxa5
Kf7 42. Bd8 Bh6 43. Bxh4 Bc1 44. Be1 Be4 45. Bd2 Bb2 46. a5 Ke6 47. a6 Kd7 48.
Bf4 Kc6 49. Nd2 Bc2 50. g5 Bc1 51. Kf2 Bxd2 52. Bxd2 Bxb3 53. Ba5 Bxc4 54. a7
Kb7 55. Bb6 d3 56. Ke3 Be6 57. h4 c4 58. g6 c3 59. Kxd3 Bf5+ 60. Kxc3 Bxg6 61.
Be3 1/2-1/2

[Event "World Rapid 2025"]
[Site "Doha QAT"]
[Date "2025.12.26"]
[Round "1.17"]
[White "Dubov, Daniil"]
[Black "Bharath, Subramaniyam H"]
[Result "1-0"]
[WhiteTitle "GM"]
[BlackTitle "GM"]
[WhiteElo "2672"]
[BlackElo "2576"]
[WhiteFideId "24126055"]
[BlackFideId "46634827"]
[EventDate "2025.12.26"]
[EventType "rapid"]

1. d4 Nf6 2. Nf3 d5 3. c4 e6 4. g3 Bb4+ 5. Nbd2 O-O 6. Bg2 dxc4 7. Qc2 c5 8.
dxc5 Nc6 9. O-O Bxc5 10. Nxc4 Qe7 11. Bf4 Nd5 12. Bg5 f6 13. Bd2 b5 14. Na3 b4
15. Nc4 Ba6 16. Rac1 Rac8 17. Qb3 Nb6 18. Nxb6 axb6 19. Rfe1 Na5 20. Qa4 Bb7 21.
Rxc5 Qxc5 22. Bxb4 Qc2 23. Qxc2 Rxc2 24. Bxf8 Bxf3 25. exf3 Kxf8 26. Rxe6 Rxb2
27. f4 b5 28. Rb6 Rxa2 29. Rxb5 Ra1+ 30. Bf1 Nc6 31. Rb6 Rc1 32. Kg2 Ne7 33.
Rb8+ Rc8 34. Rb7 f5 35. Ba6 Rd8 36. Bc4 g6 37. Bb3 Rd3 38. h3 Rd4 39. Rb8+ Kg7
40. Re8 Rd7 41. g4 Rb7 42. Be6 Kf6 43. Bc4 Kg7 44. g5 h6 45. h4 hxg5 46. fxg5
Rc7 47. Be6 Ra7 48. Kg3 Kh7 49. Kf4 Nc6 50. Bd5 Ra4+ 51. Ke3 Nd4 52. Re7+ Kh8
53. h5 f4+ 54. Kxf4 Nf5+ 55. Re4 Ra5 56. Re8+ Kg7 57. Rg8+ 1-0

[Event "World Rapid 2025"]
[Site "Doha QAT"]
[Date "2025.12.26"]
[Round "1.18"]
[White "Peyrer, Konstantin"]
[Black "Giri, Anish"]
[Result "0-1"]
[WhiteTitle "IM"]
[BlackTitle "GM"]
[WhiteElo "2496"]
[BlackElo "2760"]
[WhiteFideId "1640879"]
[BlackFideId "24116068"]
[EventDate "2025.12.26"]
[EventType "rapid"]

1. c4 e5 2. g3 Nc6 3. Bg2 Bc5 4. Nc3 d6 5. e3 Bb6 6. Nge2 h5 7. d4 h4 8. b4 a5
9. b5 h3 10. Bf3 Nce7 11. Ba3 exd4 12. exd4 a4 13. O-O Nf6 14. c5 Ba5 15. b6 O-O
16. bxc7 Bxc7 17. Nb5 dxc5 18. dxc5 Be5 19. Qxd8 Rxd8 20. Rad1 Bg4 21. Bxg4 Nxg4
22. Nd6 Rd7 23. Nc4 Rad8 24. Rxd7 Rxd7 25. Rb1 Bd4 26. Nxd4 Rxd4 27. Rc1 Nc6 28.
Bb2 Rd3 29. Bc3 Rf3 30. Be1 Nd4 31. Rd1 Nc2 32. Rc1 Nxe1 33. Rxe1 Rxf2 34. Ne3
f5 35. a3 Rxh2 36. Nxg4 Rg2+ 37. Kh1 fxg4 38. c6 Kf7 39. Rc1 bxc6 40. Rf1+ Ke6
41. Rf6+ Kd5 42. Rd6+ Kc4 43. Rxc6+ Kb3 44. Rc3+ Kb2 0-1

[Event "World Rapid 2025"]
[Site "Doha QAT"]
[Date "2025.12.26"]
[Round "1.19"]
[White "Yu, Yangyi"]
[Black "Christiansen, Johan-Sebastian"]
[Result "1-0"]
[WhiteTitle "GM"]
[BlackTitle "GM"]
[WhiteElo "2717"]
[BlackElo "2655"]
[WhiteFideId "8603820"]
[BlackFideId "1512668"]
[EventDate "2025.12.26"]
[EventType "rapid"]

1. d4 Nf6 2. c4 c5 3. d5 b5 4. cxb5 a6 5. e3 axb5 6. Bxb5 Qa5+ 7. Nc3 Bb7 8. Bd2
Qb6 9. Bc4 e6 10. e4 Nxe4 11. Nf3 Nf6 12. Qe2 Be7 13. Bg5 h6 14. Bh4 g5 15. dxe6
gxh4 16. exf7+ Kd8 17. Nxh4 Ne4 18. Nf5 Qf6 19. Nxe7 Nxc3 20. Ng8 Nxe2 21. Nxf6
Nd4 22. Ng8 Bxg2 23. f8=Q+ Kc7 24. O-O-O Bxh1 25. Rxh1 Ra4 26. Bd5 Na6 27. Kb1
Rb4 28. Rc1 Nb5 29. Rxc5+ Kb6 30. Rc8 Rd4 31. Qf6+ Ka5 32. Ra8 Rxd5 33. Rxa6+
Kb4 34. Qxh8 1-0

[Event "World Rapid 2025"]
[Site "Doha QAT"]
[Date "2025.12.26"]
[Round "1.20"]
[White "Samadov, Read"]
[Black "Grischuk, Alexander"]
[Result "0-1"]
[WhiteTitle "IM"]
[BlackTitle "GM"]
[WhiteElo "2510"]
[BlackElo "2654"]
[WhiteFideId "13417444"]
[BlackFideId "4126025"]
[EventDate "2025.12.26"]
[EventType "rapid"]

1. d4 Nf6 2. c4 g6 3. Nc3 Bg7 4. e4 d6 5. Nf3 O-O 6. Be2 e5 7. O-O Nc6 8. d5 Ne7
9. Ne1 Nd7 10. Nd3 f5 11. f3 a5 12. Be3 b6 13. a3 Ba6 14. b3 Nf6 15. g4 Qd7 16.
h3 Rf7 17. Kg2 h6 18. Qe1 fxg4 19. hxg4 g5 20. Rh1 Ng6 21. Rh3 Raf8 22. Qh1 Qe7
23. Bf2 Bc8 24. Rf1 h5 25. gxh5 Bxh3+ 26. Qxh3 Nh4+ 27. Bxh4 gxh4 28. f4 Bh6 29.
fxe5 dxe5 30. Qxh4 Nxd5 31. Qxe7 Ne3+ 32. Kh3 Rxe7 33. Rg1+ Rg7 34. Rxg7+ Bxg7
35. Nd5 Nxd5 36. cxd5 Kf7 37. Bg4 Kf6 38. Kg3 Kg5 39. Be2 Rf7 40. Nf2 Bf8 41. a4
Bb4 42. Nd3 Bd2 43. Kg2 Bf4 44. Kh3 Rg7 45. Bg4 Kf6 46. Kh4 Rg8 47. Ne1 Rb8 48.
Bd7 Ke7 49. Bb5 Rg8 50. Nd3 Rg1 51. Bc4 Kf6 52. Bb5 Rg3 53. Nxf4 exf4 54. h6 Rg1
55. Be2 Kg6 56. e5 Kxh6 57. d6 cxd6 58. exd6 Rg6 59. d7 Rd6 60. Kg4 Rxd7 61.
Kxf4 Kg7 62. Bb5 Re7 63. Bc6 Kf6 64. Be4 Rg7 65. Bd5 Re7 66. Bf3 Re1 67. Bd5 Ke7
68. Kf3 Kd6 69. Kf2 Re5 70. Bc4 Kc5 71. Kf3 Kb4 0-1

[Event "World Rapid 2025"]
[Site "Doha QAT"]
[Date "2025.12.26"]
[Round "1.22"]
[White "Madaminov, Mukhiddin"]
[Black "Maghsoodloo, Parham"]
[Result "1/2-1/2"]
[WhiteTitle "GM"]
[BlackTitle "GM"]
[WhiteElo "2552"]
[BlackElo "2708"]
[WhiteFideId "14210703"]
[BlackFideId "12539929"]
[EventDate "2025.12.26"]
[EventType "rapid"]

1. e4 c5 2. Nf3 d6 3. d4 cxd4 4. Nxd4 Nf6 5. Nc3 a6 6. Bd3 e6 7. O-O Nbd7 8. Qe2
Qc7 9. a4 Be7 10. f4 Nc5 11. Be3 O-O 12. Nb3 Nxd3 13. cxd3 Bd7 14. a5 Bc6 15.
Bb6 Qd7 16. Nd2 Rfe8 17. Rac1 e5 18. fxe5 dxe5 19. Nc4 Qe6 20. h3 Nd7 21. Kh2
Rac8 22. Rf3 Bb4 23. Bg1 Rcd8 24. Na2 Bc5 25. b4 Bd4 26. Bxd4 exd4 27. Qf2 Bb5
28. Rg3 Bxc4 29. Rxc4 Ne5 30. Rc7 Re7 31. Rc5 f6 32. Nc1 h5 33. Qf4 g5 34. Ne2
Rg7 35. Qf2 Qd6 36. Rd5 Qb8 37. Qxd4 Rgd7 38. Kh1 h4 39. Re3 Qc7 40. Nc3 g4 41.
Qc5 Qb8 42. Rxd7 Rxd7 43. Nd5 Kf7 44. d4 Ng6 45. hxg4 Rd6 46. Qc4 Rc6 47. Qf1
Qc8 48. Qf5 Kg7 49. Rf3 Qd8 50. Rf1 Qd6 51. g5 fxg5 52. Qxg5 Qg3 53. Qe3 Rc4 54.
Rf3 Qg4 55. Qf2 Qe6 56. Nf4 Qxe4 57. Nxg6 Kxg6 58. Rf6+ Kg5 59. Rf8 Rc6 60. Kh2
Re6 61. Rg8+ Rg6 62. Qd2+ Kf6 63. Qf2+ Kg5 64. Rh8 Rf6 65. Rg8+ Rg6 1/2-1/2

[Event "World Rapid 2025"]
[Site "Doha QAT"]
[Date "2025.12.26"]
[Round "1.23"]
[White "Santos Latasa, Jaime"]
[Black "Stefansson, Vignir Vatnar"]
[Result "1-0"]
[WhiteTitle "GM"]
[BlackTitle "GM"]
[WhiteElo "2616"]
[BlackElo "2519"]
[WhiteFideId "2293307"]
[BlackFideId "2308649"]
[EventDate "2025.12.26"]
[EventType "rapid"]

1. e4 e6 2. d4 d5 3. Nc3 Be7 4. Bd3 c5 5. exd5 exd5 6. dxc5 Nf6 7. Nf3 Bxc5 8.
O-O O-O 9. h3 Nc6 10. Bg5 Be6 11. Qd2 Re8 12. Rfe1 h6 13. Bh4 Rc8 14. a3 a6 15.
Rad1 Be7 16. Re2 d4 17. Bxf6 Bxf6 18. Ne4 Be7 19. Rde1 Qb6 20. Qc1 Bd7 21. Bc4
Nd8 22. Ne5 Be6 23. Bxe6 Nxe6 24. Nd3 Qc6 25. Ng3 Bg5 26. Qd1 Rcd8 27. Re4 Nc7
28. Ne5 Qc5 29. Qf3 Rf8 30. h4 Bf6 31. Ng4 Nd5 32. Nh5 Rd6 33. Re8 Bxh4 34. Qe4
Rd8 35. Nxh6+ gxh6 36. Qxh4 Qd6 37. Qxd4 1-0

[Event "World Rapid 2025"]
[Site "Doha QAT"]
[Date "2025.12.26"]
[Round "1.24"]
[White "Uskov, Artem"]
[Black "Nihal, Sarin"]
[Result "0-1"]
[WhiteTitle "GM"]
[BlackTitle "GM"]
[WhiteElo "2516"]
[BlackElo "2701"]
[WhiteFideId "34254854"]
[BlackFideId "25092340"]
[EventDate "2025.12.26"]
[EventType "rapid"]

1. e4 c5 2. Nf3 d6 3. d4 cxd4 4. Nxd4 Nf6 5. Nc3 a6 6. Be3 e5 7. Nf3 Be7 8. Nd2
Ng4 9. Nc4 Nxe3 10. Nxe3 O-O 11. h4 Nd7 12. g3 Nf6 13. Bg2 Be6 14. O-O Rc8 15.
Ncd5 Nxd5 16. Nxd5 Rc5 17. c3 Bxd5 18. exd5 f5 19. Qe2 Bf6 20. Rad1 g6 21. Bh3
e4 22. f3 exf3 23. Rxf3 Be5 24. Kg2 Rc7 25. Qf2 h5 26. Qe2 b5 27. a4 bxa4 28.
Ra1 Qd7 29. Qxa6 Ra7 30. Qd3 Rb8 31. Ra2 Qc8 32. b4 a3 33. Kh2 Qe8 34. Bf1 Qa4
35. Qb1 Rc7 36. Qc1 Qxb4 37. c4 Bb2 38. Qg5 Rg7 39. Qe3 Kh7 40. Kh3 Rbb7 41. Qf2
Qb6 42. Qc2 Kg8 43. Kg2 Rge7 44. Qd2 Kg7 45. Qc2 Qd4 46. Rf4 Re4 47. Rf3 Rbe7
48. Rd3 Qc5 49. Rxb2 axb2 50. Qxb2+ Kh7 51. Rb3 Qd4 52. Rb8 Kg7 53. Rb6 Qxb2+
54. Rxb2 Kf6 55. Rb6 Ke5 56. Rb8 f4 57. Rg8 fxg3 58. Rxg6 Rxh4 59. Kxg3 Rg4+ 60.
Rxg4 hxg4 61. Kxg4 Rf7 62. Be2 Rf2 63. Bd3 Kd4 64. Kg3 Rf7 65. Be2 Ke3 66. Bd1
Rc7 67. Bb3 Rg7+ 68. Kh4 Kd4 69. Kh3 Kc3 70. Ba4 Kxc4 71. Bc6 Rg5 0-1